000 00600nam a2200205 i 4500
001 52469
003 ES-MaACL
007 t|
008 030829s1953 sp ||||1| spa d
100 1 _aDavid, Pierre.
_942882
245 1 3 _aEl radar /
_cPierre David ; versión española de Luis Postigo García.
250 _a[1ª ed. española].
260 _aBarcelona :
_bSalvat,
_c[1953] (
_fImp. Hispano-Americana)
300 _a154 p. ;
_c17 cm.
490 1 _aSurco
700 1 _aPostigo García, Luis.
_993363
830 0 _aSurco
_9181374
852 _aES-MaACL
_jC-6292
_bR.35133
999 _c52469
_d52469